LEADER 01188nam a2200241 i 4500 001 000000231024 003 CaOOAMICUS 005 20230626103724.0 008 140704s1771 it u000 u lat u 026 $ar-ri L.in a-s, SeDe (3) 1771 (R) 040 $aSeMil$bita 100 1 $aCozzolini, Andrea.$0(OLS)http://semarc/name/79521 245 10$aAndreae Cozzolinii Exercitationes miscellaneae ubi tum plurimarum vocum etymis ac significationibus, tum auctorum locis lux ab oriente affunditur. 260 $aNeapoli :$bEx Typographia Vincentii Ursini,$c1771. 300 $a[12], 243, [3] p. ;$c4°. 500 $aFregio xilogr. sul front. 500 $aSegn.: pg2 a4 A-2G4 2H4. (-2H4) 700 1 $aOrsino, Vincenzo,$c.$0(OLS)http://semarc/name/40623 850 $aSeMil 852 $aSeMil$W1$xVenegono$y1$m2W IV 43 FA$j181370$B181370$CSeMilBibl$Z2$F192238 $8I 996 $6245$aAndreae Cozzolinii Exercitationes miscellaneae ubi tum plurimarum vocum etymis ac significationibus, tum auctorum locis lux ab oriente affunditur$9(OLS)http://semarc/title/329948 996 $6260$aNeapoli :$bEx Typographia Vincentii Ursini$9(OLS)http://semarc/publisher/53856 LEADER 00926nam a2200241 i 4500 001 000000190962 003 CaOOAMICUS 005 20150630000000.0 008 150630s1936 it u000 u fre u 013 $a169436 040 $aSeMil$bita 245 10$aExposé /$cpréface par Henry Claude. 300 $aIV, 656 p. 490 0 $aBibliothèque de Philosophie médicale 500 $aFondo card. Giovanni Colombo. 700 1 $aClaude, Henry.$0(OLS)http://semarc/name/69798 773 0 $aDalbiez, Roland$tMéthode psychanalytique et la doctrine freudienne.$dParis : Desclée de Brouwer & Cie, 1936.$g1$w()32134 830 0$aBibliothèque de Philosophie médicale.$0(OLS)http://semarc/title/43604 850 $aSeMil 852 $aSeMil$W1$xVenegono$y1$m3GC V 215/1$j141576$B141576$CSeMilBibl$Z2$F153136 $8B 941 1 $a3 961 $aLascito: Colombo Card. Giovanni 996 $6245$aExposé$9(OLS)http://semarc/title/78617